Буримость пород и построение рационального цикла при колонковом бурении твердыми сплавами; Известия Томского индустриального института [Известия ТИИ]; Т. 60, вып. 1

Dades bibliogràfiques
Parent link:Известия Томского индустриального института [Известия ТИИ]/ Томский индустриальный институт (ТИИ).— , 1934-1944
Т. 60, вып. 1.— 1939
Autor principal: Нуднер В. А.
Sumari:Заглавие с титульного листа
Электронная версия печатной публикации
Idioma:rus
Publicat: 1939
Matèries:
Accés en línia:Черно-белая версия для предварительного просмотра
Цветная версия без потери качества
Format: Electrònic Capítol de llibre
KOHA link:https://koha.lib.tpu.ru/cgi-bin/koha/opac-detail.pl?biblionumber=182354

MARC

LEADER 00000nla2a2200000 4500
001 182354
005 20231031171302.0
035 |a (RuTPU)RU\TPU\book\197689 
035 |a RU\TPU\book\197687 
090 |a 182354 
100 |a 20100620d1939 k y0rusy50 ca 
101 0 |a rus 
102 |a RU 
135 |a drnn ---uucaa 
181 0 |a i  
182 0 |a b 
200 1 |a Буримость пород и построение рационального цикла при колонковом бурении твердыми сплавами  |b Электронный ресурс  |f В. А. Нуднер 
203 |a Текст  |c электронный 
215 |a 2 файла (2 Мб, 51.2 Мб) 
230 |a Электронные текстовые данные (2 файла : 2 Мб, 51.2 Мб) 
300 |a Заглавие с титульного листа 
300 |a Электронная версия печатной публикации 
320 |a [Библиогр.: 8 назв.] 
337 |a Adobe Reader 
461 1 |0 (RuTPU)RU\TPU\book\197248  |t Известия Томского индустриального института [Известия ТИИ]  |f Томский индустриальный институт (ТИИ)  |d 1934-1944 
463 1 |0 (RuTPU)RU\TPU\book\197679  |t Т. 60, вып. 1  |d 1939  |p 334 с. 
610 1 |a электронный ресурс 
610 1 |a труды учёных ТПУ 
700 1 |a Нуднер  |b В. А. 
801 1 |a RU  |b 63413507  |c 20090320  |g PSBO 
801 2 |a RU  |b 63413507  |c 20101125  |g PSBO 
856 4 |u http://www.lib.tpu.ru/fulltext/v/Bulletin_TPU/1939-1940/v60/a10_bw.pdf  |z Черно-белая версия для предварительного просмотра 
856 4 |u http://www.lib.tpu.ru/fulltext/v/Bulletin_TPU/1939-1940/v60/a10_full.pdf  |z Цветная версия без потери качества 
942 |c CF